0311-五所川原市(青森県)の駅 - Statistics

General Stats
  • This quiz has been taken 8 times
  • The average score is 5 of 10
Answer Stats
Answer % Correct
五所川原
100%
津軽五所川原
75%
金木
75%
五農校前
50%
津軽飯詰
50%
芦野公園
50%
十川
38%
毘沙門
38%
嘉瀬
38%
川倉
25%
No matching quizzes found
Score Distribution
Percent of People with Each Score
Percentile by Number Answered
Your Score History
You have not taken this quiz